Langues les plus parlées en Belgique - Statistiques

Statistiques générales
  • Ce quiz a été pris 394 fois
  • Le résultat moyen est 8 sur 10
Statistiques - réponses
% Langue % Correct
60,9 Français
100%
62 Néerlandais
99%
13,7 Allemand
98%
28,8 Anglais
96%
3,2 Espagnol
91%
3,7 Arabe
86%
3,8 Italien
85%
0,7 Portugais
78%
0,8 Russe
61%
2,1 Turc
47%
Aucun quiz correspondant
Distribution des résultats
% des personnes avec chaque résultat
Percentile par nombre de réponses
Votre historique - résultats
Vous n’avez pas pris ce quiz